| 000 | 00747nam a22002417a 4500 | ||
|---|---|---|---|
| 003 | PE SENCICO BE | ||
| 005 | 20251020182623.0 | ||
| 008 | 230104b |||||||| |||| 00| 0 eng d | ||
| 020 | _a978-607-17-2468-7 | ||
| 040 |
_aPE SENCICO BE _cPE SENCICO BE |
||
| 041 | _aspa | ||
| 082 |
_a720 _bV39 |
||
| 100 | 1 |
_9385 _aVélez Gonzáles, Roberto |
|
| 245 | 1 |
_aArquitectura de calidad : _bcondiciones mínimas / _cRoberto Vélez Gonzáles |
|
| 250 | _a[1a ed.] | ||
| 260 |
_aMéxico, D.F.: _bTrillas, _c2015 |
||
| 300 |
_a110 p. : _bil., _c27 cm. |
||
| 650 | 1 | 4 |
_949 _aArquitectura |
| 650 | 2 | 4 |
_949 _aArquitectura _xHistoria |
| 650 | 2 | 4 |
_9366 _aCrítica arquitectónica |
| 910 |
_bhfp _chfp |
||
| 942 |
_2ddc _cLIB _h720 _iV39 |
||
| 999 |
_c3739 _d3739 |
||